000 00268nam a22001217a 4500
999 _c14007
_d14007
020 _a9780415101585
082 _a338
100 _aC William Emory
245 _aBusiness Research Methods
260 _aLondon
_bPrintice Hall
_c1980
300 _a520 pages
942 _cBK